La mansión / (Registro nro. 9144)
[ vista simple ]
| 000 -LIDER | |
|---|---|
| fixed length control field | 00828nam a2200313 4500 |
| 001 - NÚMERO DE CONTROL | |
| Identificador de número de control | 2729914 |
| 003 - IDENTIFICACDOR DE NÚMERO DE CONTROL | |
| control field | DO-SdBPM |
| 005 - DATE AND TIME OF LATEST TRANSACTION | |
| control field | 20250509103025.0 |
| 007 - CAMPOS FIJOS DE DESCRIPCIÓN FÍSICA | |
| fixed length control field | 2729914 |
| 008 - ELEMENTOS DE LONGITUD FIJA | |
| fixed length control field | 770617s1977 sp 000 1 spa |
| 010 ## - NUMERO DE CONTROL DE BIBLIOTECA DEL CONGRESO | |
| LC control number | |
| 015 ## - NÚMERO DENTRO DE LA BIBLIOGRAFÍA NACIONAL | |
| National bibliography number | |
| 020 ## - ISBN | |
| International Standard Book Number | 842062774 |
| Terms of availability | |
| 040 ## - FUENTE DE CATALOGACIÓN | |
| Agencia que crea de manera original el registro | DO-SdBPM |
| Agencia que realiza la transcripción | spa |
| Agencia que realiza la modificación | BPMSU |
| 050 00 - NÚMERO DE CLASIFICACIÓN BIBLIOTECA DEL CONGRESO | |
| Classification number | |
| Item number | |
| 082 #4 - NÚMERO DE CLASIFICACIÓN DECIMAL DE DEWEY | |
| Classification number | 823.91 |
| Item number | F733m 1977 |
| Edition number | 22 |
| 100 1# - ASIENTO PRINCIPAL -- NOMBRE PERSONAL | |
| Nombre personal | Forster, Edward Morgan, |
| Fechas asociadas con el nombre | 1879-1970. |
| 240 ## - TITULO UNIFORME | |
| Título uniforme | |
| 245 13 - MENCIÓN DE TITULO | |
| Título | La mansión / |
| Mención de responsabilidad | E. M. Forster ; traducción Eduardo Mendoza |
| 250 ## - MENCIÓN DE EDICION | |
| Mención de edición | 2a ed. |
| 260 ## - PUBLICACIÓN, DISTRIBUCIÓN, ETC. (PIE DE IMPRENTA) | |
| Lugar de publicación, distribución, etc | Barcelona : |
| Nombre del editor, distribuidor, etc. | Editorial Planeta, |
| Fecha de publicación, distribución, etc | 1977. |
| 300 ## - DESCRIPCIÓN FÍSICA | |
| Extensión | 372 p. ; |
| Dimensiones | 22 cm. |
| 490 0# - MENCIÓN DE SERIES | |
| Mención de serie | Infinito |
| 590 ## - NOTA LOCAL | |
| Texto de la nota local | Inventariado, 2025/VM |
| 650 #4 - ENCABEZAMIENTO DE MATERIA--TEMÁTICO | |
| Término temático o nombre geográfico como elemento de entrada | Novela inglesa |
| 700 1# - ASIENTO SECUNDARIO -- NOMBRE PERSONAL | |
| Nombre personal | Mendoza, Eduardo, |
| Mención de responsabilidad | traductor |
| 910 ## - VALIDACIÓN | |
| Validación | VMateo V. Control de calidad. BPMSU |
| 942 ## - ADDED ENTRY ELEMENTS (KOHA) | |
| Source of classification or shelving scheme | Dewey Decimal Classification |
| Koha item type | Libros |
| Withdrawn status | Lost status | Source of classification or shelving scheme | Damaged status | Not for loan | Collection code | Home library | Current library | Date acquired | Total Checkouts | Full call number | Barcode | Date last seen | Price effective from | Koha item type |
|---|---|---|---|---|---|---|---|---|---|---|---|---|---|---|
| Dewey Decimal Classification | Colección General | Biblioteca Pública Metropolitana Salomé Ureña | Biblioteca Pública Metropolitana Salomé Ureña | 05/09/2025 | BPMSU CG 823.91 F733m 1977 | BPMSU25050017 | 05/09/2025 | 05/09/2025 | Libros |